000 00530nam a2200181 i 4500
001 80795
003 ES-MaACL
005 20230906174312.0
007 t|
008 041029s1985 gw ||||1| ger d
020 _a3-518-57703-4
100 1 _aHonneth, Axel.
_964131
245 1 0 _aKritik der Macht
_b: reflexionsstofen einer kritischen Gesellschafts-theorie /
_cAxel Honneth.
260 _aFrankfurt am Main :
_bSuhrkamp,
_c[1985]
300 _a381 p. ;
_c20 cm.
500 _aIndice.
852 _aES-MaACL
_jL-10981
_bR.112797
999 _c80795
_d80795